|
|
|
|
| LEADER |
00000cam a2200000 a 4500 |
| 001 |
vtls008318340 |
| 003 |
SK-MaSNL |
| 005 |
20260301050255.0 |
| 008 |
230403s1957 xo a ar 000 f slo |
| 015 |
|
|
|a SNBA1957/05-00756
|
| 020 |
|
|
|q (brožované)
|
| 035 |
|
|
|a SK01SNK19570010557
|
| 035 |
|
|
|a urn:nbn:sk:snk-am3hz8b
|
| 035 |
|
|
|a 6C1F2710-C924-48B7-9F76-B3264825F795
|
| 035 |
|
|
|a urn:nbn:sk:snk-am00de8q
|
| 035 |
|
|
|a SKM000013020
|
| 040 |
|
|
|a SNK
|b slo
|c SNK
|e AACR2
|
| 041 |
0 |
|
|a slo
|
| 044 |
|
|
|a xo
|c SK
|
| 080 |
|
|
|a 821.162.4-34
|2 2011
|
| 080 |
|
|
|a 82-34:808.1
|2 2011
|
| 080 |
|
|
|a 82-93-053.4/.5
|2 2011
|
| 100 |
1 |
|
|a Bendová, Krista,
|d 1923-1988
|4 aut
|9 101774
|
| 245 |
1 |
0 |
|a Nezábudky
|c Krista Bendová ; ilustrácie Milada Marešová
|
| 250 |
|
|
|a Vydanie II
|
| 260 |
|
|
|a Bratislava
|b Mladé letá
|c 1957
|e Martin
|f Severoslovenské tlačiarne
|
| 300 |
|
|
|a 30 strán
|b farebné ilustrácie
|c 24 cm
|
| 366 |
|
|
|e 8400 kusov
|
| 655 |
|
7 |
|a slovenská poézia
|2 SNKPH
|9 70444
|
| 655 |
|
7 |
|a slovenské rozprávky
|2 SNKPH
|9 70528
|
| 655 |
|
7 |
|a autorské rozprávky
|2 SNKPH
|9 70727
|
| 655 |
|
7 |
|a poézia pre deti
|2 SNKPH
|9 86748
|
| 655 |
|
7 |
|a literatúra pre deti
|2 SNKPH
|9 87135
|
| 700 |
1 |
|
|a Marešová, Milada,
|d 1901-1987
|4 ill
|9 208421
|
| 852 |
|
|
|a Slovenská národná knižnica
|
| 954 |
|
|
|a beletria pôvodná (slovenská)
|2 lita
|
| 958 |
|
|
|a EUIPO
|
| 958 |
|
|
|a OND
|
| 958 |
|
|
|a TL
|
| 958 |
|
|
|a RK
|
| 958 |
|
|
|a LX
|
| 958 |
|
|
|a DB
|
| 999 |
|
|
|c 600539
|d 602469
|
| 952 |
|
|
|a SNK
|b SNK
|y PREZ
|7 0
|p 17A0819488
|o snkSC 9892
|i snkKSP 1261/58
|0 0
|1 0
|4 0
|d 2012-08-22
|f 1
|l 0
|r 2025-07-09 00:00:00
|w 2026-02-23
|
| 952 |
|
|
|a SNK
|b SNK
|y VYP
|7 0
|p 17A0527141
|o snkSC 9892 D1
|i snkKSP 1262/57
|0 0
|1 0
|4 0
|d 1996-11-18
|l 0
|r 2005-01-01 00:00:00
|w 2026-02-23
|